| 000 | 00467nam a2200193Ia 4500 | ||
|---|---|---|---|
| 003 | OSt | ||
| 005 | 20230323145538.0 | ||
| 008 | 210210b1978 xxu||||| |||| 00| 0 eng d | ||
| 040 | _cAL | ||
| 041 | _aEnglish | ||
| 082 | _a301 VIDI | ||
| 100 |
_aVIDYA BHUSHAN & SACHDEVA (D R). _977049 |
||
| 245 | _aIntroduction to sociology. | ||
| 260 |
_aAllahabad _bKitab mahal _c1978 |
||
| 300 | _a691,xiv | ||
| 690 |
_aSociology _977050 |
||
| 906 | _a034248 | ||
| 942 |
_2ddc _cBK |
||
| 999 |
_c84442 _d84442 |
||